| 000 | 00475nam a22001697a 4500 | ||
|---|---|---|---|
| 005 | 20260310164445.0 | ||
| 008 | 260310b |||||||| |||| 00| 0 eng d | ||
| 020 | _a978-81-19415-34-2 | ||
| 041 | _aeng | ||
| 082 | _a347.090 SIN-B | ||
| 100 |
_aSINGH, DR. AVTAR _98892 |
||
| 245 | _aBHARATIYA SAKSHYA ADHINIYAM, 2023 [ACT 47 OF 2023] Repealing Indian Evidence Act, 1872 | ||
| 260 |
_aPRAYAGRAJ _bCENTRAL LAW PUBLICATIONS |
||
| 300 | _a655;P | ||
| 650 | _aLAW | ||
| 942 | _cBK | ||
| 999 |
_c9072 _d9070 |
||